Estadísticas para Inmigración en España por país

Haz click aquí para intentar la prueba.

Estadísticas generales

  • Esta prueba ha sido intentada 6.007 veces
    (1.397 desde el último reinicio)
  • La puntuación promedio es 16 de 20

Estadísticas de respuestas

PoblaciónPaís% Correcto
1 026 371Marruecos
97%
373 064Argentina
95%
215 283Francia
95%
715 655Colombia
93%
518 918Venezuela
90%
154 749Italia
88%
322 407Perú
88%
293 696Reino Unido
88%
176 496Alemania
87%
430 837Ecuador
84%
167 265Brasil
82%
192 346China
82%
118 801Rusia
78%
183 734Bolivia
77%
538 699Rumania
75%
127 767Paraguay
68%
198 639Cuba
66%
197 192Ucrania
64%
193 653República Dominicana
55%
177 616Honduras
50%

Distribución de puntuación

Porcentaje por número respondido

Porcentaje de gente con cada puntuación

Historial de tus puntuaciones

No has intentado esta prueba desde el último reinicio